| 000 | 00509nam a2200169 a 4500 | ||
|---|---|---|---|
| 001 | 000044275 | ||
| 003 | DO-SdBNP | ||
| 005 | 20220701115151.0 | ||
| 007 | 000044275 | ||
| 008 | 140612s19uu dr a 000 0 spa d | ||
| 040 |
_aBPMET _bspa _cBPMET |
||
| 100 | 1 | _aBosch, Juan | |
| 245 | 1 | 4 |
_aLos amos / _cJuan Bosch. |
| 260 |
_aSanto Domingo : _bNacional, _bOrganización de Estados Iberoamericanos para la Educación, la Ciencia y la Cultura (OEI), _c[197?]. |
||
| 300 |
_a11 p. : _bil. _c21 cm. |
||
| 942 |
_2ddc _cBK |
||
| 999 |
_c7404 _d7404 |
||